| 000 | 00828nam a2200253Ia 4500 | ||
|---|---|---|---|
| 003 | GCL | ||
| 008 | 140319s9999 xx 000 0 ara d | ||
| 020 | _a1507232977 | ||
| 040 |
_aGCL / _cGCL |
||
| 082 | 0 | 4 |
_a370.15 _bع ع |
| 100 | 1 | _aعصام على الطيب | |
| 245 | 1 | 0 |
_aعلم النفس المعرفى : _bالذاكرة وتشفير المعلومات / _cعصام على الطيب |
| 700 | 1 | _aربيع عبده رشوان | |
| 250 | _aالاولى | ||
| 260 |
_aالقاهرة : _bعالم الكتب ، _c2006 |
||
| 300 |
_a285 ص ؛ _c24 سم |
||
| 650 | 0 | 4 | _aعلم النفس التربوى |
| 650 | 0 | 4 | _aالتعلم |
| 650 | 0 | 4 | _aالذاكرة |
| 650 | 0 | 4 | _aالتفكير |
| 650 | 0 | 4 | _aالفروق الفردية فى التعليم |
| 650 | 0 | 4 | _aالادراك الذهنى |
| 942 |
_2ddc _cBK |
||
| 999 |
_c9744 _d9744 |
||